[Event "Benidorm Satellite preliminary"]
[Site "playchess.com #007036"]
[Date "2009.10.24"]
[Round "7"]
[White "TheMaster15"]
[Black "DiabloAmarillo"]
[Result "0-1"]
[WhiteElo "2356"]
[BlackElo "1968"]
[PlyCount "96"]
[EventDate "2009.10.24"]
[EventType "swiss (blitz)"]

1. e4 {[%emt 0:00:01]} c5 {[%emt 0:00:01]} 2. Nf3 {[%emt 0:00:01]} d6 {[%emt 0:
00:01]} 3. d4 {[%emt 0:00:01]} cxd4 {[%emt 0:00:03]} 4. Nxd4 {[%emt 0:00:00]}
Nf6 {[%emt 0:00:01]} 5. Nc3 {[%emt 0:00:00]} a6 {[%emt 0:00:00]} 6. Bc4 {[%emt
0:00:05]} e6 {[%emt 0:00:02]} 7. Bb3 {[%emt 0:00:01]} b5 {[%emt 0:00:05]} 8. a3
{[%emt 0:00:03]} Be7 {[%emt 0:00:17]} 9. f4 {[%emt 0:00:04]} O-O {[%emt 0:00:
05]} 10. Be3 {[%emt 0:00:04]} Bb7 {[%emt 0:00:08]} 11. Qf3 {[%emt 0:00:01]}
Nbd7 {[%emt 0:00:04]} 12. f5 {[%emt 0:00:32]} e5 {[%emt 0:00:02]} 13. Nde2 {
[%emt 0:00:10]} Nc5 {[%emt 0:00:00]} 14. Bxc5 {[%emt 0:00:24]} dxc5 {[%emt 0:
00:03]} 15. Rd1 {[%emt 0:00:01]} Qa5 {[%emt 0:00:11]} 16. Bd5 {[%emt 0:00:18]}
Bxd5 {[%emt 0:00:06]} 17. exd5 {[%emt 0:00:01]} Rad8 {[%emt 0:00:04]} 18. O-O {
[%emt 0:00:04]} b4 {[%emt 0:00:01]} 19. axb4 {[%emt 0:00:02]} cxb4 {[%emt 0:00:
06]} 20. Ne4 {[%emt 0:00:06]} Nxd5 {[%emt 0:00:01]} 21. Ra1 {[%emt 0:00:23]}
Qb6+ {[%emt 0:00:06]} 22. Kh1 {[%emt 0:00:01]} Ne3 {[%emt 0:00:04]} 23. Rf2 {
[%emt 0:00:16]} Nxc2 {[%emt 0:00:05]} 24. Rc1 {[%emt 0:00:11]} b3 {[%emt 0:00:
03]} 25. f6 {[%emt 0:00:05]} Bxf6 {[%emt 0:00:05]} 26. Qg4 {[%emt 0:00:03]} Be7
{[%emt 0:00:05]} 27. N2c3 {[%emt 0:00:14]} Qb4 {[%emt 0:00:11]} 28. h4 {[%emt
0:00:06]} Nd4 {[%emt 0:00:08]} 29. Qh5 {[%emt 0:00:13]} Qb8 {[%emt 0:00:10]}
30. Rcf1 {[%emt 0:00:02]} f5 {[%emt 0:00:05]} 31. Ng5 {[%emt 0:00:04]} h6 {
[%emt 0:00:07]} 32. Nf3 {[%emt 0:00:06]} e4 {[%emt 0:00:07]} 33. Nxd4 {[%emt 0:
00:02]} Rxd4 {[%emt 0:00:05]} 34. Rxf5 {[%emt 0:00:01]} Rxf5 {[%emt 0:00:06]}
35. Qxf5 {[%emt 0:00:00]} Bxh4 {[%emt 0:00:06]} 36. Qe6+ {[%emt 0:00:06]} Kh8 {
[%emt 0:00:04]} 37. Nxe4 {[%emt 0:00:09]} Qd8 {[%emt 0:00:09]} 38. Qg4 {[%emt
0:00:02]} Bf6 {[%emt 0:00:05]} 39. Qf5 {[%emt 0:00:07]} Rd5 {[%emt 0:00:04]}
40. Qf3 {[%emt 0:00:02]} Bxb2 {[%emt 0:00:06]} 41. Ng3 {[%emt 0:00:04]} Qh4+ {
[%emt 0:00:05]} 42. Kg1 {[%emt 0:00:04]} Bd4+ {[%emt 0:00:00]} 43. Rf2 {[%emt
0:00:01]} Bxf2+ {[%emt 0:00:02]} 44. Kxf2 {[%emt 0:00:00]} Rd2+ {[%emt 0:00:02]
} 45. Ke1 {[%emt 0:00:00]} Qb4 {[%emt 0:00:13] '} 46. Qa8+ {[%emt 0:00:04]} Kh7
{[%emt 0:00:04]} 47. Kf1 {[%emt 0:00:03]} b2 {[%emt 0:00:17]} 48. Qe4+ {[%emt
0:00:03]} Qxe4 {[%emt 0:00:04] TheMaster15 gibt auf} 0-1

[Event "Benidorm Satellite preliminary"]
[Site "playchess.com #007036"]
[Date "2009.10.24"]
[Round "7"]
[White "Juraldo"]
[Black "Mateusz-Morfeusz"]
[Result "1-0"]
[WhiteElo "2654"]
[BlackElo "2476"]
[PlyCount "107"]
[EventDate "2009.10.24"]
[EventType "swiss (blitz)"]

1. e4 {[%emt 0:00:03]} d6 {[%emt 0:00:01]} 2. d4 {[%emt 0:00:03]} Nf6 {[%emt 0:
00:00]} 3. Nc3 {[%emt 0:00:01]} e5 {[%emt 0:00:00]} 4. Nge2 {[%emt 0:00:02]}
Nbd7 {[%emt 0:00:02]} 5. f3 {[%emt 0:00:04]} c6 {[%emt 0:00:01]} 6. Be3 {[%emt
0:00:03]} b5 {[%emt 0:00:01]} 7. g4 {[%emt 0:00:01]} h6 {[%emt 0:00:02]} 8. Ng3
{[%emt 0:00:01]} g6 {[%emt 0:00:04]} 9. h4 {[%emt 0:00:01]} b4 {[%emt 0:00:05]}
10. Nce2 {[%emt 0:00:01]} d5 {[%emt 0:00:01]} 11. h5 {[%emt 0:01:06]} Bg7 {
[%emt 0:00:14]} 12. hxg6 {[%emt 0:00:04]} fxg6 {[%emt 0:00:01]} 13. Qd2 {[%emt
0:00:02]} dxe4 {[%emt 0:00:25]} 14. Bxh6 {[%emt 0:00:22]} Kf7 {[%emt 0:00:26]}
15. Bxg7 {[%emt 0:00:29]} Rxh1 {[%emt 0:00:00]} 16. Nxh1 {[%emt 0:00:00]} Kxg7
{[%emt 0:00:00]} 17. dxe5 {[%emt 0:00:03]} exf3 {[%emt 0:00:45]} 18. exf6+ {
[%emt 0:00:12]} Qxf6 {[%emt 0:00:00]} 19. Nf4 {[%emt 0:00:30]} Qxb2 {[%emt 0:
00:25]} 20. Rd1 {[%emt 0:00:02]} Ne5 {[%emt 0:00:02]} 21. Qd4 {[%emt 0:00:03]}
Qxd4 {[%emt 0:00:02]} 22. Rxd4 {[%emt 0:00:00]} Bxg4 {[%emt 0:00:01]} 23. Nf2 {
[%emt 0:00:05]} Re8 {[%emt 0:00:19]} 24. Kd2 {[%emt 0:00:02]} a5 {[%emt 0:00:
03]} 25. Rd6 {[%emt 0:00:04]} Bf5 {[%emt 0:00:03]} 26. Bd3 {[%emt 0:00:03]}
Nxd3 {[%emt 0:00:05]} 27. cxd3 {[%emt 0:00:04]} g5 {[%emt 0:00:03]} 28. Nh5+ {
[%emt 0:00:02]} Kh8 {[%emt 0:00:39] '} 29. Rh6+ {[%emt 0:00:02]} Kg8 {[%emt 0:
00:01]} 30. Nf6+ {[%emt 0:00:16] .} Kg7 {[%emt 0:00:00]} 31. Nxe8+ {[%emt 0:00:
01]} Kxh6 {[%emt 0:00:00]} 32. Nd6 {[%emt 0:00:02]} Be6 {[%emt 0:00:03]} 33.
Nb7 {[%emt 0:00:05]} a4 {[%emt 0:00:04]} 34. Nc5 {[%emt 0:00:01]} a3 {[%emt 0:
00:04]} 35. Nxe6 {[%emt 0:00:07]} b3 {[%emt 0:00:00]} 36. Nd4 {[%emt 0:00:01]}
bxa2 {[%emt 0:00:02]} 37. Nb3 {[%emt 0:00:01]} Kh5 {[%emt 0:00:00]} 38. Ke3 {
[%emt 0:00:02]} g4 {[%emt 0:00:00]} 39. Kf4 {[%emt 0:00:01]} Kg6 {[%emt 0:00:
04]} 40. Nxg4 {[%emt 0:00:01]} Kf7 {[%emt 0:00:01]} 41. Kxf3 {[%emt 0:00:01]}
Ke6 {[%emt 0:00:00]} 42. Ke3 {[%emt 0:00:01]} Kd5 {[%emt 0:00:00]} 43. Nf2 {
[%emt 0:00:01]} c5 {[%emt 0:00:00]} 44. Nd1 {[%emt 0:00:01]} c4 {[%emt 0:00:00]
} 45. Nc3+ {[%emt 0:00:00]} Kc6 {[%emt 0:00:01]} 46. dxc4 {[%emt 0:00:00]} a1=Q
{[%emt 0:00:01]} 47. Nxa1 {[%emt 0:00:01]} Kc5 {[%emt 0:00:00]} 48. Kd3 {[%emt
0:00:00]} Kb4 {[%emt 0:00:00]} 49. Na2+ {[%emt 0:00:02]} Kc5 {[%emt 0:00:01]}
50. Kc3 {[%emt 0:00:00]} Kc6 {[%emt 0:00:00]} 51. Nb3 {[%emt 0:00:00]} Kb6 {
[%emt 0:00:00]} 52. Kb4 {[%emt 0:00:01]} Kc6 {[%emt 0:00:00]} 53. Kxa3 {[%emt
0:00:01]} Kb6 {[%emt 0:00:00]} 54. Kb4 {[%emt 0:00:00] Mateusz-Morfeusz
poddaje siê} 1-0

[Event "Benidorm Satellite preliminary"]
[Site "playchess.com #007036"]
[Date "2009.10.24"]
[Round "7"]
[White "Jiriki"]
[Black "Us6"]
[Result "0-1"]
[WhiteElo "2553"]
[BlackElo "2557"]
[PlyCount "132"]
[EventDate "2009.10.24"]
[EventType "swiss (blitz)"]

1. e4 {[%emt 0:00:02]} c5 {[%emt 0:00:02]} 2. c3 {[%emt 0:00:01]} d5 {[%emt 0:
00:01]} 3. exd5 {[%emt 0:00:01]} Qxd5 {[%emt 0:00:00]} 4. d4 {[%emt 0:00:00]}
g6 {[%emt 0:00:01]} 5. Nf3 {[%emt 0:00:05]} Bg7 {[%emt 0:00:02]} 6. Na3 {[%emt
0:00:02]} cxd4 {[%emt 0:00:03]} 7. Bc4 {[%emt 0:00:04]} Qe4+ {[%emt 0:00:02]}
8. Be3 {[%emt 0:00:01]} Nh6 {[%emt 0:00:01]} 9. cxd4 {[%emt 0:00:15]} O-O {
[%emt 0:00:04]} 10. O-O {[%emt 0:00:05]} Bg4 {[%emt 0:00:12]} 11. Nb5 {[%emt 0:
00:26]} Nc6 {[%emt 0:00:18]} 12. Nc3 {[%emt 0:00:05]} Bxf3 {[%emt 0:00:06]} 13.
Nxe4 {[%emt 0:00:04]} Bxd1 {[%emt 0:00:01]} 14. Rfxd1 {[%emt 0:00:05]} Nf5 {
[%emt 0:00:01]} 15. Nc5 {[%emt 0:00:28]} Nxe3 {[%emt 0:00:03]} 16. fxe3 {[%emt
0:00:01]} b6 {[%emt 0:00:01]} 17. Nb3 {[%emt 0:00:06]} e6 {[%emt 0:00:11]} 18.
Rac1 {[%emt 0:00:03]} Ne7 {[%emt 0:00:08]} 19. e4 {[%emt 0:00:09]} Rfd8 {[%emt
0:00:03]} 20. d5 {[%emt 0:00:24]} exd5 {[%emt 0:00:25]} 21. Bxd5 {[%emt 0:00:
01]} Nxd5 {[%emt 0:00:04]} 22. exd5 {[%emt 0:00:04]} Bxb2 {[%emt 0:00:01]} 23.
Rc7 {[%emt 0:00:07]} Be5 {[%emt 0:00:06]} 24. Rb7 {[%emt 0:00:02]} Rdb8 {[%emt
0:00:05]} 25. Rd7 {[%emt 0:00:07]} Rd8 {[%emt 0:00:01]} 26. Rb7 {[%emt 0:00:01]
} Bd6 {[%emt 0:00:05]} 27. h3 {[%emt 0:00:17]} Rdb8 {[%emt 0:00:24]} 28. Rd7 {
[%emt 0:00:06]} Rd8 {[%emt 0:00:01]} 29. Rb7 {[%emt 0:00:02]} Re8 {[%emt 0:00:
07]} 30. Kf2 {[%emt 0:00:11]} Re5 {[%emt 0:00:04]} 31. Rd7 {[%emt 0:00:05]}
Rf5+ {[%emt 0:00:05]} 32. Kg1 {[%emt 0:00:16]} Bg3 {[%emt 0:00:01]} 33. d6 {
[%emt 0:00:01]} Re8 {[%emt 0:00:03]} 34. Re7 {[%emt 0:00:04]} Re5 {[%emt 0:00:
16]} 35. Rxe5 {[%emt 0:00:05]} Bxe5 {[%emt 0:00:02]} 36. d7 {[%emt 0:00:01]}
Rd8 {[%emt 0:00:01]} 37. Rd5 {[%emt 0:00:10]} f6 {[%emt 0:00:02]} 38. Nd4 {
[%emt 0:00:01]} Bxd4+ {[%emt 0:00:02]} 39. Rxd4 {[%emt 0:00:00]} Kf7 {[%emt 0:
00:01]} 40. Kf2 {[%emt 0:00:06]} Ke7 {[%emt 0:00:01]} 41. Rh4 {[%emt 0:00:02]}
h5 {[%emt 0:00:02]} 42. g4 {[%emt 0:00:01]} hxg4 {[%emt 0:00:01]} 43. Rh7+ {
[%emt 0:00:02]} Ke6 {[%emt 0:00:01]} 44. hxg4 {[%emt 0:00:01]} Rxd7 {[%emt 0:
00:01]} 45. Rh8 {[%emt 0:00:00]} Rd2+ {[%emt 0:00:02]} 46. Kf3 {[%emt 0:00:01]}
Rxa2 {[%emt 0:00:01]} 47. Rg8 {[%emt 0:00:00]} Kf7 {[%emt 0:00:01]} 48. Rb8 {
[%emt 0:00:01]} f5 {[%emt 0:00:03]} 49. gxf5 {[%emt 0:00:01]} gxf5 {[%emt 0:00:
00]} 50. Kf4 {[%emt 0:00:02]} Ke6 {[%emt 0:00:01]} 51. Re8+ {[%emt 0:00:02]}
Kd7 {[%emt 0:00:01]} 52. Ra8 {[%emt 0:00:06]} Ra5 {[%emt 0:00:03]} 53. Rh8 {
[%emt 0:00:02]} Kc6 {[%emt 0:00:01]} 54. Ke3 {[%emt 0:00:02]} Rc5 {[%emt 0:00:
01]} 55. Kd4 {[%emt 0:00:01]} Kb5 {[%emt 0:00:01]} 56. Ra8 {[%emt 0:00:03]} a5
{[%emt 0:00:01]} 57. Re8 {[%emt 0:00:01]} Rc7 {[%emt 0:00:01]} 58. Re1 {[%emt
0:00:00]} Ka6 {[%emt 0:00:03]} 59. Rf1 {[%emt 0:00:02]} a4 {[%emt 0:00:02]} 60.
Rxf5 {[%emt 0:00:02]} b5 {[%emt 0:00:00]} 61. Rf8 {[%emt 0:00:02]} Ka5 {[%emt
0:00:01]} 62. Kd3 {[%emt 0:00:01]} a3 {[%emt 0:00:01]} 63. Ra8+ {[%emt 0:00:01]
} Kb4 {[%emt 0:00:01]} 64. Ra6 {[%emt 0:00:02]} Kb3 {[%emt 0:00:01]} 65. Kd2 {
[%emt 0:00:01]} b4 {[%emt 0:00:01]} 66. Ra7 {[%emt 0:00:00]} Rxa7 {[%emt 0:00:
02] Jiriki gibt auf} 0-1

[Event "Benidorm Satellite preliminary"]
[Site "playchess.com #007036"]
[Date "2009.10.24"]
[Round "7"]
[White "Rashid"]
[Black "Musterlukas"]
[Result "1-0"]
[WhiteElo "2109"]
[BlackElo "1809"]
[PlyCount "107"]
[EventDate "2009.10.24"]
[EventType "swiss (blitz)"]

1. e4 {[%emt 0:00:02]} c5 {[%emt 0:00:02]} 2. Nf3 {[%emt 0:00:01]} d6 {[%emt 0:
00:01]} 3. d4 {[%emt 0:00:01]} cxd4 {[%emt 0:00:01]} 4. Nxd4 {[%emt 0:00:01]}
Nf6 {[%emt 0:00:01]} 5. Nc3 {[%emt 0:00:01]} e6 {[%emt 0:00:01]} 6. g3 {[%emt
0:00:01]} Nc6 {[%emt 0:00:03]} 7. Bg2 {[%emt 0:00:01]} Bd7 {[%emt 0:00:01]} 8.
O-O {[%emt 0:00:02]} Be7 {[%emt 0:00:01]} 9. Nb3 {[%emt 0:00:02]} O-O {[%emt 0:
00:03]} 10. f4 {[%emt 0:00:01]} a6 {[%emt 0:00:19]} 11. g4 {[%emt 0:00:01]} e5
{[%emt 0:00:08]} 12. f5 {[%emt 0:00:06]} Qb6+ {[%emt 0:00:13]} 13. Kh1 {[%emt
0:00:04]} Nd4 {[%emt 0:00:02]} 14. g5 {[%emt 0:00:08]} Nxb3 {[%emt 0:00:06]}
15. axb3 {[%emt 0:00:05]} Ne8 {[%emt 0:00:13]} 16. Nd5 {[%emt 0:00:06]} Qd8 {
[%emt 0:00:02]} 17. Qh5 {[%emt 0:00:29]} Bc6 {[%emt 0:00:11]} 18. Nxe7+ {[%emt
0:00:07]} Qxe7 {[%emt 0:00:02]} 19. Bf3 {[%emt 0:00:12]} g6 {[%emt 0:00:37]}
20. Qh6 {[%emt 0:00:06]} Rd8 {[%emt 0:00:11]} 21. f6 {[%emt 0:00:05]} Qe6 {
[%emt 0:00:03]} 22. c4 {[%emt 0:00:11]} Bd7 {[%emt 0:00:08]} 23. Kg2 {[%emt 0:
00:16]} Nxf6 {[%emt 0:00:29]} 24. gxf6 {[%emt 0:00:03]} Qxf6 {[%emt 0:00:01]}
25. Bg5 {[%emt 0:00:06]} Qg7 {[%emt 0:00:01]} 26. Qxg7+ {[%emt 0:00:02]} Kxg7 {
[%emt 0:00:01]} 27. Bxd8 {[%emt 0:00:00]} Rxd8 {[%emt 0:00:01]} 28. Rfd1 {
[%emt 0:00:05]} Be6 {[%emt 0:00:03]} 29. Rd2 {[%emt 0:00:04]} Kf6 {[%emt 0:00:
01]} 30. Rad1 {[%emt 0:00:02]} Ke7 {[%emt 0:00:01]} 31. h3 {[%emt 0:00:04]} Rd7
{[%emt 0:00:02]} 32. Bg4 {[%emt 0:00:01]} f5 {[%emt 0:00:02]} 33. exf5 {[%emt
0:00:00]} gxf5 {[%emt 0:00:01]} 34. Bf3 {[%emt 0:00:07]} e4 {[%emt 0:00:01]}
35. Be2 {[%emt 0:00:02]} b6 {[%emt 0:00:09]} 36. Kg3 {[%emt 0:00:02]} h6 {
[%emt 0:00:04]} 37. Kf4 {[%emt 0:00:01]} a5 {[%emt 0:00:04]} 38. Bh5 {[%emt 0:
00:07]} Rd8 {[%emt 0:00:07]} 39. Rg1 {[%emt 0:00:03]} a4 {[%emt 0:00:34]} 40.
bxa4 {[%emt 0:00:05]} Bxc4 {[%emt 0:00:04]} 41. Kxf5 {[%emt 0:00:05]} e3 {
[%emt 0:00:01]} 42. Rd4 {[%emt 0:00:05]} d5 {[%emt 0:00:03]} 43. Re1 {[%emt 0:
00:04]} Rf8+ {[%emt 0:00:02]} 44. Ke5 {[%emt 0:00:04]} e2 {[%emt 0:00:06]} 45.
Rxc4 {[%emt 0:00:04]} Kd7 {[%emt 0:00:00]} 46. Rf4 {[%emt 0:00:02]} Re8+ {
[%emt 0:00:02]} 47. Kd4 {[%emt 0:00:01]} Kd6 {[%emt 0:00:01]} 48. Rf6+ {[%emt
0:00:01]} Kd7 {[%emt 0:00:01]} 49. Kxd5 {[%emt 0:00:01]} b5 {[%emt 0:00:04]}
50. axb5 {[%emt 0:00:01]} Rb8 {[%emt 0:00:02]} 51. b6 {[%emt 0:00:03]} Re8 {
[%emt 0:00:04]} 52. Bxe8+ {[%emt 0:00:10] .} Kd8 {[%emt 0:00:01]} 53. b7 {
[%emt 0:00:09]} Kc7 {[%emt 0:00:02]} 54. Bc6 {[%emt 0:00:06] ' Time} 1-0

[Event "Benidorm Satellite preliminary"]
[Site "playchess.com #007036"]
[Date "2009.10.24"]
[Round "7"]
[White "Roi folichon"]
[Black "Rubirov"]
[Result "1-0"]
[WhiteElo "1563"]
[BlackElo "1498"]
[PlyCount "101"]
[EventDate "2009.10.24"]
[EventType "swiss (blitz)"]

1. e4 {[%emt 0:00:02]} e6 {[%emt 0:00:02]} 2. c4 {[%emt 0:00:01]} d5 {[%emt 0:
00:01]} 3. cxd5 {[%emt 0:00:01]} exd5 {[%emt 0:00:03]} 4. exd5 {[%emt 0:00:00]}
Qxd5 {[%emt 0:00:02]} 5. Nc3 {[%emt 0:00:00]} Qd8 {[%emt 0:00:01]} 6. Nf3 {
[%emt 0:00:01]} Nf6 {[%emt 0:00:02]} 7. d4 {[%emt 0:00:01]} Bd6 {[%emt 0:00:09]
} 8. Bg5 {[%emt 0:00:02]} O-O {[%emt 0:00:02]} 9. Be2 {[%emt 0:00:04]} Bg4 {
[%emt 0:00:04]} 10. O-O {[%emt 0:00:01]} Nbd7 {[%emt 0:00:01]} 11. Nd2 {[%emt
0:00:12]} Bxe2 {[%emt 0:00:03]} 12. Nxe2 {[%emt 0:00:06]} c6 {[%emt 0:00:06]}
13. Nc4 {[%emt 0:00:18]} Bxh2+ {[%emt 0:00:12]} 14. Kh1 {[%emt 0:00:16]} Bc7 {
[%emt 0:00:08]} 15. f4 {[%emt 0:00:12]} h6 {[%emt 0:00:07]} 16. Bh4 {[%emt 0:
00:05]} Nb6 {[%emt 0:00:13]} 17. Ne5 {[%emt 0:00:05]} Qd6 {[%emt 0:00:16]} 18.
Bxf6 {[%emt 0:00:14]} Qxf6 {[%emt 0:00:04]} 19. Qe1 {[%emt 0:00:08]} Nd5 {
[%emt 0:00:10]} 20. Qg3 {[%emt 0:00:08]} Qe7 {[%emt 0:00:53]} 21. Rae1 {[%emt
0:00:13]} Nf6 {[%emt 0:00:06]} 22. Nc3 {[%emt 0:00:10]} Qb4 {[%emt 0:00:05]}
23. Ng4 {[%emt 0:00:28]} Nxg4 {[%emt 0:00:06]} 24. Qxg4 {[%emt 0:00:00]} Qxd4 {
[%emt 0:00:05]} 25. Re4 {[%emt 0:00:06]} Qd3 {[%emt 0:00:32]} 26. Rfe1 {[%emt
0:00:08]} Rad8 {[%emt 0:00:10]} 27. Re7 {[%emt 0:00:06]} Qd2 {[%emt 0:00:06]}
28. g3 {[%emt 0:00:10] .} Bb6 {[%emt 0:00:04]} 29. R7e2 {[%emt 0:00:04]} Qd7 {
[%emt 0:00:02]} 30. Qxd7 {[%emt 0:00:01]} Rxd7 {[%emt 0:00:01]} 31. Re8 {[%emt
0:00:02]} Rxe8 {[%emt 0:00:03]} 32. Rxe8+ {[%emt 0:00:01]} Kh7 {[%emt 0:00:01]}
33. Re1 {[%emt 0:00:03]} Bd4 {[%emt 0:00:01]} 34. Rd1 {[%emt 0:00:03]} Rd8 {
[%emt 0:00:05]} 35. Ne2 {[%emt 0:00:03]} Bb6 {[%emt 0:00:02]} 36. Rxd8 {[%emt
0:00:01]} Bxd8 {[%emt 0:00:01]} 37. Kg2 {[%emt 0:00:01]} Bf6 {[%emt 0:00:02]}
38. b3 {[%emt 0:00:01]} Kg6 {[%emt 0:00:02]} 39. Kf3 {[%emt 0:00:00]} h5 {
[%emt 0:00:02]} 40. Nc1 {[%emt 0:00:03]} Kf5 {[%emt 0:00:02]} 41. Nd3 {[%emt 0:
00:01]} Bd4 {[%emt 0:00:03]} 42. Nc1 {[%emt 0:00:07]} c5 {[%emt 0:00:01]} 43.
Ne2 {[%emt 0:00:01]} b6 {[%emt 0:00:02]} 44. Nc1 {[%emt 0:00:09]} g5 {[%emt 0:
00:02]} 45. fxg5 {[%emt 0:00:02]} Kxg5 {[%emt 0:00:01]} 46. Nd3 {[%emt 0:00:00]
} h4 {[%emt 0:00:03]} 47. gxh4+ {[%emt 0:00:01]} Kxh4 {[%emt 0:00:01]} 48. Nf4
{[%emt 0:00:00]} Kg5 {[%emt 0:00:03]} 49. Nd5 {[%emt 0:00:01]} f5 {[%emt 0:00:
02]} 50. Nc7 {[%emt 0:00:04]} f4 {[%emt 0:00:04] '} 51. Nb5 {[%emt 0:00:01]
Tiempo} 1-0

[Event "Benidorm Satellite preliminary"]
[Site "playchess.com #007036"]
[Date "2009.10.24"]
[Round "7"]
[White "JohnMLN"]
[Black "Lei"]
[Result "*"]
[WhiteElo "1632"]
[BlackElo "1393"]
[PlyCount "73"]
[EventDate "2009.10.24"]
[EventType "swiss (blitz)"]

1. e4 {[%emt 0:00:07]} e5 {[%emt 0:00:01]} 2. Nf3 {[%emt 0:00:17]} Nc6 {[%emt
0:00:01]} 3. c3 {[%emt 0:00:08]} Nf6 {[%emt 0:00:02]} 4. Bd3 {[%emt 0:00:02]}
Bc5 {[%emt 0:00:03]} 5. O-O {[%emt 0:00:02]} O-O {[%emt 0:00:02]} 6. Qe1 {
[%emt 0:00:06]} d6 {[%emt 0:00:07]} 7. Bc2 {[%emt 0:00:10]} Ne7 {[%emt 0:00:02]
} 8. d3 {[%emt 0:00:02]} c6 {[%emt 0:00:01]} 9. Nbd2 {[%emt 0:00:02]} Bb6 {
[%emt 0:00:01]} 10. a4 {[%emt 0:00:02]} a5 {[%emt 0:00:04]} 11. Nc4 {[%emt 0:
00:02]} Bc7 {[%emt 0:00:06]} 12. Be3 {[%emt 0:00:02]} d5 {[%emt 0:00:04]} 13.
Ncd2 {[%emt 0:00:08]} b6 {[%emt 0:00:06]} 14. Bg5 {[%emt 0:00:27]} Ng6 {[%emt
0:00:18]} 15. exd5 {[%emt 0:00:05]} cxd5 {[%emt 0:00:03]} 16. Qe2 {[%emt 0:00:
09]} h6 {[%emt 0:00:02]} 17. Bh4 {[%emt 0:00:19]} Nxh4 {[%emt 0:00:05]} 18.
Nxh4 {[%emt 0:00:00]} Bg4 {[%emt 0:00:14]} 19. Nhf3 {[%emt 0:00:05]} Re8 {
[%emt 0:00:10]} 20. Qe3 {[%emt 0:00:03]} Qd6 {[%emt 0:00:11]} 21. Rae1 {[%emt
0:00:14]} Rad8 {[%emt 0:00:34]} 22. h3 {[%emt 0:00:09]} Bh5 {[%emt 0:00:03]}
23. g4 {[%emt 0:00:02]} Bg6 {[%emt 0:00:01]} 24. Nh4 {[%emt 0:00:02]} Re6 {
[%emt 0:00:11]} 25. Nxg6 {[%emt 0:00:03]} fxg6 {[%emt 0:00:01]} 26. Nf3 {[%emt
0:00:02]} e4 {[%emt 0:00:10]} 27. dxe4 {[%emt 0:00:03]} dxe4 {[%emt 0:00:10]}
28. Re2 {[%emt 0:00:07]} exf3 {[%emt 0:00:05]} 29. Qxe6+ {[%emt 0:00:03]} Qxe6
{[%emt 0:00:03]} 30. Rxe6 {[%emt 0:00:00]} Nd5 {[%emt 0:00:19]} 31. Bxg6 {
[%emt 0:00:05]} Nf4 {[%emt 0:00:02]} 32. Rc6 {[%emt 0:00:01]} Nxh3+ {[%emt 0:
00:16]} 33. Kh1 {[%emt 0:00:02]} Rd1 {[%emt 0:00:14]} (33... Nxf2+ 34. Kg1 (34.
Rxf2 Rd1+ 35. Rf1 Rxf1#)) 34. Rxd1 {[%emt 0:00:19] .} Nxf2+ {[%emt 0:00:02]}
35. Kg1 {[%emt 0:00:00]} Nxd1 {[%emt 0:00:08]} 36. Rxc7 {[%emt 0:00:01]} f2+ {
[%emt 0:00:05]} 37. Kf1 {[%emt 0:00:06] Lei resigns  (Lag: Av=0.73s, max=1.6s)
1-0} *

[Event "Benidorm Satellite preliminary"]
[Site "playchess.com #007036"]
[Date "2009.10.24"]
[Round "7"]
[White "Tackiness"]
[Black "Chessmaestro"]
[Result "1/2-1/2"]
[WhiteElo "1687"]
[BlackElo "2624"]
[PlyCount "115"]
[EventDate "2009.10.24"]
[EventType "swiss (blitz)"]

1. d4 {[%emt 0:00:03]} Nf6 {[%emt 0:00:01]} 2. Nf3 {[%emt 0:00:01]} b6 {[%emt
0:00:01]} 3. Bf4 {[%emt 0:00:01]} Bb7 {[%emt 0:00:00]} 4. e3 {[%emt 0:00:01]}
d6 {[%emt 0:00:00]} 5. Be2 {[%emt 0:00:01]} Nbd7 {[%emt 0:00:00]} 6. h3 {[%emt
0:00:01]} g6 {[%emt 0:00:00]} 7. O-O {[%emt 0:00:01]} Bg7 {[%emt 0:00:00]} 8.
a4 {[%emt 0:00:01]} O-O {[%emt 0:00:01]} 9. Na3 {[%emt 0:00:02]} a6 {[%emt 0:
00:02]} 10. Nc4 {[%emt 0:00:07]} Re8 {[%emt 0:00:01]} 11. c3 {[%emt 0:00:04]}
c5 {[%emt 0:00:07]} 12. Bxd6 {[%emt 0:00:17]} exd6 {[%emt 0:00:03]} 13. Nxd6 {
[%emt 0:00:01]} Re6 {[%emt 0:00:21]} 14. Nxb7 {[%emt 0:00:02]} Qc7 {[%emt 0:00:
01]} 15. Bc4 {[%emt 0:00:10]} Ree8 {[%emt 0:00:10]} 16. dxc5 {[%emt 0:00:17]}
Qxb7 {[%emt 0:00:02]} 17. cxb6 {[%emt 0:00:01]} Nxb6 {[%emt 0:00:02]} 18. Ba2 {
[%emt 0:00:26]} Rad8 {[%emt 0:00:09]} 19. Qb3 {[%emt 0:00:03]} Qc7 {[%emt 0:00:
04]} 20. Ng5 {[%emt 0:00:08] Tackiness doet een remise aanbod} Rd5 {[%emt 0:00:
41]} 21. Nxf7 {[%emt 0:00:16]} Qxf7 {[%emt 0:00:02]} 22. Qxb6 {[%emt 0:00:02]}
a5 {[%emt 0:00:44]} 23. Rad1 {[%emt 0:00:07]} Kh8 {[%emt 0:00:18]} 24. Qc6 {
[%emt 0:00:13]} Red8 {[%emt 0:00:26]} 25. Bxd5 {[%emt 0:00:10]} Rxd5 {[%emt 0:
00:01]} 26. Rxd5 {[%emt 0:00:03]} Nxd5 {[%emt 0:00:01]} 27. Qa8+ {[%emt 0:00:
10]} Bf8 {[%emt 0:00:02]} 28. Rd1 {[%emt 0:00:01]} Nf6 {[%emt 0:00:13]} 29. Rd8
{[%emt 0:00:08]} Kg7 {[%emt 0:00:01]} 30. Qxa5 {[%emt 0:00:02]} Kh6 {[%emt 0:
00:05]} 31. Qa8 {[%emt 0:00:11]} Be7 {[%emt 0:00:02]} 32. Rd4 {[%emt 0:00:11]}
Qb3 {[%emt 0:00:03]} 33. Rd2 {[%emt 0:00:18]} Qa2 {[%emt 0:00:05]} 34. Kh2 {
[%emt 0:00:06]} Qe6 {[%emt 0:00:02]} 35. Qf3 {[%emt 0:00:07]} Bd6+ {[%emt 0:00:
03]} 36. g3 {[%emt 0:00:02]} Bc7 {[%emt 0:00:02]} 37. Rd4 {[%emt 0:00:02]} Kg7
{[%emt 0:00:03]} 38. b4 {[%emt 0:00:03]} Bb6 {[%emt 0:00:03]} 39. Rf4 {[%emt 0:
00:07]} Bd8 {[%emt 0:00:03]} 40. a5 {[%emt 0:00:02]} Be7 {[%emt 0:00:01]} 41.
Rd4 {[%emt 0:00:05]} h5 {[%emt 0:00:01]} 42. b5 {[%emt 0:00:03]} g5 {[%emt 0:
00:02]} 43. Qb7 {[%emt 0:00:04]} g4 {[%emt 0:00:02]} 44. Rf4 {[%emt 0:00:02]}
gxh3 {[%emt 0:00:01]} 45. Kh1 {[%emt 0:00:02]} Qe5 {[%emt 0:00:06]} 46. Kh2 {
[%emt 0:00:01]} Ng4+ {[%emt 0:00:01]} 47. Kg1 {[%emt 0:00:02]} h2+ {[%emt 0:00:
01]} 48. Kh1 {[%emt 0:00:02]} Kg6 {[%emt 0:00:00]} 49. Qf3 {[%emt 0:00:02]} Bg5
{[%emt 0:00:02]} 50. Rd4 {[%emt 0:00:02]} Bf6 {[%emt 0:00:02]} 51. Re4 {[%emt
0:00:02]} Qxc3 {[%emt 0:00:02]} 52. Kg2 {[%emt 0:00:03]} Qe1 {[%emt 0:00:03]}
53. Rxg4+ {[%emt 0:00:01]} hxg4 {[%emt 0:00:01]} 54. Qxg4+ {[%emt 0:00:01]} Kf7
{[%emt 0:00:00]} 55. Qd7+ {[%emt 0:00:01]} Kg6 {[%emt 0:00:01]} 56. Qg4+ {
[%emt 0:00:02]} Bg5 {[%emt 0:00:01]} 57. Qe6+ {[%emt 0:00:01]} Bf6 {[%emt 0:00:
01]} 58. Qg4+ {[%emt 0:00:01]} 1/2-1/2